[Event "Baden-Alsace"]
[Site "Freiburg"]
[Date "2016.09.18"]
[Round "29"]
[White "Sainte Luce, Mehdi"]
[Black "Belikan, Thomas"]
[Result "1/2-1/2"]
[WhiteElo "1687"]
[BlackElo "1859"]
[PlyCount "111"]
[EventDate "2016.09.18"]
[WhiteTeam "Alsace"]
[BlackTeam "Baden"]

1. d4 Nf6 2. c4 e6 3. Nf3 Bb4+ 4. Bd2 c5 5. a3 Bxd2+ 6. Qxd2 cxd4 7. Nxd4 d5 8.
cxd5 exd5 9. Nc3 O-O 10. g3 Nc6 11. Bg2 Qb6 12. Nxc6 bxc6 13. b4 Re8 14. O-O
Ba6 15. Rfe1 Bc4 16. e3 Rab8 17. Bf1 Bxf1 18. Rxf1 Qb7 19. Rfc1 {(=)} Qd7 20.
Kg2 Re5 21. Qd4 Rbe8 22. h4 Ng4 23. Re1 Nf6 24. Rad1 Qc7 25. Ne2 Re4 26. Qd3
Ng4 27. Nf4 Ne5 28. Qc2 Nc4 29. Rd3 Qc8 30. Qc1 Qf5 31. f3 R4e7 32. Kf2 h6 33.
g4 Qf6 34. Ng2 Ne5 35. Qd1 Nxd3+ 36. Qxd3 Qe5 37. Rc1 Re6 38. Rc2 Kh8 39. Qa6
Qb8 40. Rxc6 Rxc6 41. Qxc6 Rc8 42. Qxd5 Rc2+ 43. Kg1 Qc7 44. Qa8+ Qc8 45. Qxa7
Qc4 46. Qa8+ Kh7 47. Qe4+ Qxe4 48. fxe4 Ra2 49. Nf4 Rxa3 50. Kf2 Rb3 51. Nd5 f6
52. Kf3 Rb1 53. Kf4 Rf1+ 54. Kg3 Rb1 55. Kf4 Rf1+ 56. Kg3 1/2-1/2

[Event "Baden-Alsace"]
[Site "Freiburg"]
[Date "2016.09.18"]
[Round "30"]
[White "Wiesner, Alexander"]
[Black "Blum, Pierre"]
[Result "1-0"]
[WhiteElo "1822"]
[BlackElo "1679"]
[PlyCount "41"]
[EventDate "2016.09.18"]
[WhiteTeam "Baden"]
[BlackTeam "Alsace"]

1. d4 Nf6 2. c4 e5 3. dxe5 Ng4 4. Bf4 g5 5. Bg3 Bg7 6. Nf3 Nc6 7. Nc3 Ngxe5 8.
e3 d6 9. Be2 Be6 10. Qa4 Bd7 11. Nxe5 Nxe5 12. Qc2 Bc6 13. O-O h5 14. Nd5 Bxd5
15. cxd5 h4 16. Bxe5 Bxe5 {(=)} 17. Rac1 O-O 18. Bd3 Qf6 19. Qe2 Qe7 20. Bf5
Bxb2 21. Qxb2 1-0

[Event "Baden-Alsace"]
[Site "Freiburg"]
[Date "2016.09.18"]
[Round "31"]
[White "Bergmann, Delphine"]
[Black "Juelg, Gabriel"]
[Result "1/2-1/2"]
[WhiteElo "1645"]
[BlackElo "1821"]
[PlyCount "112"]
[EventDate "2016.09.18"]
[WhiteTeam "Alsace"]
[BlackTeam "Baden"]

1. e4 c5 2. Nf3 e6 3. d4 cxd4 4. Nxd4 a6 5. Nc3 Qc7 6. Be2 Nf6 7. O-O Be7 8.
Be3 O-O 9. f4 d6 10. g4 e5 11. Nb3 exf4 12. Bxf4 Be6 13. g5 Nfd7 14. Nd5 Bxd5
15. Qxd5 Nc6 16. Qd2 Nde5 17. Kh1 Qd7 18. Rg1 Rac8 19. Rad1 Qc7 20. Rg3 Rfd8
21. c3 Ng6 22. Be3 Nce5 23. Qd5 b5 24. Nd4 Nc4 25. Bxc4 Qxc4 26. Nf5 Bf8 27.
Rg2 Ne5 28. Qxc4 Nxc4 29. Bf4 a5 30. h4 Re8 31. Re2 g6 32. Ng3 Bg7 33. b3 Ne5
34. Rxd6 Rxc3 35. Kg2 a4 36. bxa4 bxa4 37. Red2 Kf8 38. Ra6 a3 39. Ne2 Rc6 40.
Rxc6 Nxc6 41. Kf3 Ne5+ 42. Kf2 Nc4 43. Rc2 Ne5 44. Ke3 Rd8 45. Nc1 Ke8 46. Rc7
Rd7 47. Rc8+ Ke7 48. Ra8 Nc4+ 49. Ke2 Rb7 50. Kd3 Nb2+ 51. Kc2 Nc4 52. Kd3 Ne5+
53. Kc2 Rc7+ 54. Kd1 Rd7+ 55. Kc2 Rc7+ 56. Kd1 Rd7+ 1/2-1/2

[Event "Baden-Alsace"]
[Site "Freiburg"]
[Date "2016.09.18"]
[Round "32"]
[White "Lohrmann, Tabea"]
[Black "Bellahcene, Sofia"]
[Result "1/2-1/2"]
[WhiteElo "1723"]
[BlackElo "1610"]
[PlyCount "61"]
[EventDate "2016.09.18"]
[WhiteTeam "Baden"]
[BlackTeam "Alsace"]

1. e4 c5 2. Nf3 Nc6 3. d4 cxd4 4. Nxd4 g6 5. Nc3 Bg7 6. Nb3 Nf6 7. Be3 O-O 8.
f3 d6 9. Qd2 Be6 10. O-O-O a5 11. g4 Ne5 12. Be2 Nc4 13. Bxc4 Bxc4 14. h4 b5
15. h5 a4 16. Nd4 Qd7 17. hxg6 fxg6 18. Bh6 Rf7 19. Bxg7 Rxg7 20. Qg5 b4 21.
Nd5 Nxd5 22. exd5 Bxa2 23. Ne6 Rf7 24. f4 a3 25. bxa3 bxa3 26. f5 Qb5 27. fxg6
Qb2+ 28. Kd2 Qb4+ 29. Kc1 Qb2+ 30. Kd2 Qb4+ 31. Kc1 1/2-1/2